BVB Squad 2021/22 - Statistics

General Stats
  • This quiz has been taken 382 times
  • The average score is 19 of 32
Answer Stats
Hint Answer % Correct
1 Gregor Kobel
94%
11 Marco Reus
94%
15 Mats Hummels
92%
9 Erling Haaland
91%
22 Jude Bellingham
83%
19 Julian Brandt
79%
38 Roman Bürki
78%
35 Marwin Hitz
77%
Manager Marco Rose
74%
23 Emre Can
73%
7 Giovanni Reyna
70%
16 Manuel Akanji
69%
8 Mahmoud dahoud
67%
10 Thorgan Hazard
66%
21 Donyell Malen
65%
13 Raphael Guerreiro
65%
24 Thomas Meunier
62%
18 Youssoufa Moukoko
60%
5 Dan-Axel Zagadou
59%
28 Axel Witsel
57%
14 Nico Schulz
57%
39 Marius Wolf
56%
25 Luca Unbehaun
45%
29 Marcel Schmelzer
44%
30 Felix Passlack
42%
27 Steffen Tigges
36%
34 Marvin Pongracic
27%
4 Soumalia Coulibaly
24%
32 Abdoulaye Kamara
19%
2 Mateu Morey Bauza
18%
20 Reinier Jesus
13%
40 Stefan Drjlaca
4%
No matching quizzes found
Score Distribution
Percent of People with Each Score
Percentile by Number Answered
Your Score History
You have not taken this quiz